<?xml version="1.0" encoding="UTF-8"?>
<marc:record xmlns:marc="http://www.loc.gov/MARC21/slim">
   <marc:leader>00000nam a2200000 a 4500</marc:leader>
   <marc:datafield ind1="1" ind2=" " tag="100">
      <marc:subfield code="a">Mebs, Gudrun</marc:subfield>
      <marc:subfield code="4">aut</marc:subfield>
      <marc:subfield code="e">Verfasser/-in</marc:subfield>
   </marc:datafield>
   <marc:datafield ind1=" " ind2=" " tag="653">
      <marc:subfield code="a">Großmutter</marc:subfield>
   </marc:datafield>
   <marc:datafield ind1=" " ind2=" " tag="653">
      <marc:subfield code="a">Enkel</marc:subfield>
   </marc:datafield>
   <marc:datafield ind1=" " ind2=" " tag="653">
      <marc:subfield code="a">Kinderbuch</marc:subfield>
   </marc:datafield>
   <marc:datafield ind1="0" ind2="0" tag="245">
      <marc:subfield code="a">"Oma!", schreit der Frieder ...</marc:subfield>
   </marc:datafield>
   <marc:datafield ind1="0" ind2="0" tag="245">
      <marc:subfield code="c">Gudrun Mebs. Ill. von Rotraut Susanne Berner</marc:subfield>
   </marc:datafield>
   <marc:datafield ind1=" " ind2="1" tag="264">
      <marc:subfield code="a">Düsseldorf</marc:subfield>
      <marc:subfield code="b">Sauerländer</marc:subfield>
      <marc:subfield code="c">2008</marc:subfield>
   </marc:datafield>
   <marc:datafield ind1=" " ind2=" " tag="250">
      <marc:subfield code="a">Neuausg.</marc:subfield>
   </marc:datafield>
   <marc:datafield ind1="1" ind2=" " tag="520">
      <marc:subfield code="a">Angaben aus der Verlagsmeldung

Oma schreit der Frieder / von Gudrun Mebs

Bis heute haben die Oma-und Frieder-Geschichten nichts von ihrer
Lebendigkeit verloren. Generationen von Kindern sind mit diesen
Abenteuern groß geworden.
Oma und Frieder sind ein fröhliches Paar: der kleine Frieder, noch
nicht sechs Jahre alt, und seine Oma, die immer auf das Kind eingeht
und fast jeden Quatsch mitmacht. So serviert sie den heißersehnten
Bagger zum Geburtstagsessen, um gleich die Schnitzel
damit tranportieren zu können.
Immer wieder muss sich Oma über ihren »Rotzbub« aber auch
ärgern. Zum Beispiel wenn er mit Himbeermarmelade sein Zimmer
Rot streichen will oder wenn er die Socke, an der Oma gerade
strickt, schrumpfen lässt – dann kann sie schimpfen wie ein
Rohrspatz. Aber lieb haben sich die beiden trotzdem.
</marc:subfield>
   </marc:datafield>
   <marc:datafield ind1=" " ind2=" " tag="020">
      <marc:subfield code="a">9783794161386</marc:subfield>
      <marc:subfield code="9">9783794161386</marc:subfield>
   </marc:datafield>
   <marc:datafield ind1=" " ind2=" " tag="041">
      <marc:subfield code="a">ger</marc:subfield>
   </marc:datafield>
   <marc:datafield ind1=" " ind2=" " tag="300">
      <marc:subfield code="a">91 S.</marc:subfield>
   </marc:datafield>
</marc:record>
